उपभोक्ता जागरण / (Record no. 118793)

MARC details
000 -LEADER
fixed length control field 01173nam a22002537a 4500
005 - DATE AND TIME OF LATEST TRANSACTION
control field 20170124103121.0
010 ## - LIBRARY OF CONGRESS CONTROL NUMBER
LC control number B-144752
020 ## - INTERNATIONAL STANDARD BOOK NUMBER
Terms of availability 160.00
International Standard Book Number 8190235036
035 ## - SYSTEM CONTROL NUMBER
System control number B-144752
037 ## - SOURCE OF ACQUISITION
Source of stock number/acquisition Cen Lib/Ret
040 ## - CATALOGING SOURCE
Original cataloging agency DPL
Language of cataloging HN
082 ## - DEWEY DECIMAL CLASSIFICATION NUMBER
Classification number 381.34
Item number शेंडेह
100 ## - MAIN ENTRY--PERSONAL NAME
Personal name शेंडे, हरिदास रामजी
9 (RLIN) 6739
245 ## - TITLE STATEMENT
Title उपभोक्ता जागरण /
Statement of responsibility, etc हरिदास रामजी शेंडे
246 ## - VARYING FORM OF TITLE
Title proper/short title Upbhokta jagran /
Remainder of title by Haridas Ramji Shendy
260 ## - PUBLICATION, DISTRIBUTION, ETC. (IMPRINT)
Place of publication, distribution, etc जयपुर
Name of publisher, distributor, etc अपोलो प्रकाशन
Date of publication, distribution, etc 2005
270 ## - ADDRESS
City जयपुर
Address दुकान न. 25, सिधेश्वर मंदिर के पीछे, पंचवटी, राजापार्क
300 ## - PHYSICAL DESCRIPTION
Extent 139पृ.:
Dimensions 20सेमी(सजिल्द )
Other physical details सचित्र
650 ## - SUBJECT ADDED ENTRY--TOPICAL TERM
Topical term or geographic name as entry element उपभोक्ता--इतिहास
General subdivision
Geographic subdivision
9 (RLIN) 81933
650 ## - SUBJECT ADDED ENTRY--TOPICAL TERM
Topical term or geographic name as entry element उपभोक्ता संगठन-- भारत
9 (RLIN) 81934
650 ## - SUBJECT ADDED ENTRY--TOPICAL TERM
Topical term or geographic name as entry element Consumer - History
9 (RLIN) 81935
650 ## - SUBJECT ADDED ENTRY--TOPICAL TERM
Topical term or geographic name as entry element Consumer organisation-- India
9 (RLIN) 81936
942 ## - ADDED ENTRY ELEMENTS (KOHA)
Source of classification or shelving scheme Dewey Decimal Classification
Koha item type Hindi Books
Classification part 381.34
Call number suffix शेंडेह
Holdings
Withdrawn status Lost status Damaged status Not for loan Home library Current library Date acquired Source of acquisition Cost, normal purchase price Total Checkouts Full call number Barcode Date last seen Copy number Cost, replacement price Price effective from Koha item type
        Central Library Central Library 14/09/2015 Cen Lib/Ref 160.00   381.34 शेंडेह B-144752 14/09/2015 1 160.00 14/09/2015 Hindi Books

© Delhi Public Library
Hit Counter
free hit counter